000 00892cam a22002651 4500
001 gs 64000040
003 DLC
005 20260227111413.0
008 720321s1962 xx 000 0 eng
010 _ags 64000040
035 _a(OCoLC)268250
040 _aDLC
_cOAkU
_dDLC
042 _apremarc
050 0 0 _aQE185
_b.A2 no. 315
100 1 _aWilson, Morley Evans,
_d1882-
245 1 0 _aRouyn-Beauchastel map-areas, Quebec.
260 _a[Ottawa]
_bDept. of Mines and Technical Surveys, Canada
_c[1962]
300 _a140 p.
_billus., maps (8 fold. col.) diagrs. (part fold., 1 col.)
410 2 0 _aGeological Survey of Canada.
_tMemoir
_v315
500 _aText and illustrative matter in slipcase.
500 _aAbstract also in French.
504 _aBibliography: p. 113-118.
650 0 _aGeology
_zQuébec (Province)
650 0 _aMines and mineral resources
_zQuébec (Province)
999 _c29778
_d29778